000 00469nam a2200181Ia 4500
005 20250508162020.0
008 008 250505s9999 xx 000 0 eng d
037 _aReference
040 _aFEDL
_beng
_cFEDL
041 _aeng
_2eng
084 _a912, OXF
_qFEDL
245 0 _aOxford school atlas
250 _a24th
260 _aDelhi, India
_bOxford University Press
_c1978
300 _a72p.
942 _cREF
_h912, OXF
999 _c1373844
_d1373844